Manufacturing recovery stalls (Record no. 118086)

MARC details
000 -LEADER
fixed length control field 01014cam a2200229 4500
001 - CONTROL NUMBER
control field WB4037-05
008 - FIXED-LENGTH DATA ELEMENTS--GENERAL INFORMATION
fixed length control field 040929n2004 000 0 eng u
035 ## - SYSTEM CONTROL NUMBER
System control number (Sirsi) u127560
245 ## - TITLE STATEMENT
Title Manufacturing recovery stalls
260 ## - PUBLICATION, DISTRIBUTION, ETC.
Date of publication, distribution, etc. 2004
490 ## - SERIES STATEMENT
Series statement CBI News Release
Volume/sequential designation 23 September 2004 (2)
520 ## - SUMMARY, ETC.
Summary, etc. The CBI industrial trends report for September 2004 is published and says that 24% of firms report that the level of order books was below normal and 18% said it was above normal. Export order books have been deteriorating since late spring with 30% of respondents saying order books were below normal whereas only 16% said they were above. For the CBI news release: http://www.cbi.org.uk/ndbs/press.nsf/0363c1f07c6ca 12a8025671c00381cc7/a54cb9088b41ef8780256f15004992 73?OpenDocument
590 ## - LOCAL NOTE (RLIN)
Local note WB
590 ## - LOCAL NOTE (RLIN)
Local note WB
650 ## - SUBJECT ADDED ENTRY--TOPICAL TERM
Topical term or geographic name entry element CBI
650 ## - SUBJECT ADDED ENTRY--TOPICAL TERM
Topical term or geographic name entry element INDUSTRIAL TRENDS
650 ## - SUBJECT ADDED ENTRY--TOPICAL TERM
Topical term or geographic name entry element ORDERS
650 ## - SUBJECT ADDED ENTRY--TOPICAL TERM
Topical term or geographic name entry element OUTPUT
650 ## - SUBJECT ADDED ENTRY--TOPICAL TERM
Topical term or geographic name entry element MANUFACTURING OUTPUT
690 ## - LOCAL SUBJECT ADDED ENTRY--TOPICAL TERM (OCLC, RLIN)
Topical term or geographic name as entry element ECONOMIC ISSUES
942 ## - ADDED ENTRY ELEMENTS (KOHA)
Suppress in OPAC 0
Holdings
Withdrawn status Lost status Source of classification or shelving scheme Damaged status Not for loan Home library Current library Shelving location Date acquired Total Checkouts Full call number Barcode Date last seen Copy number Price effective from Koha item type
    Dewey Decimal Classification     London London News article 29/09/2004   WB4037-05 127560-1001 06/08/2019 1 06/08/2019 News article